000
00229nam a22001097a 4500
100
_a
Luthera,R.C.
245
_a
Panoramic indian Painting
250
_a
2013
260
_b
Trinity Education side
300
_a
74
942
_2
ddc
_c
BK
999
_c
12858
_d
12858